Sports Quiz

Random Sports or College Quiz

2019-20 College Basketball AP Top 25: Week 9 Quiz Stats

 Plays Quiz not verified by Sporcle

Support Sporcle.
Go Orange.
Score 0/25 Timer 10:00
0 Plays Today
Ranking Team % Correct
2Duke
100%
1Gonzaga
80%
3Kansas
80%
4Oregon
80%
5Ohio St
80%
6Baylor
80%
10Villanova
80%
11Butler
80%
12Michigan
80%
13San Diego St
80%
14Michigan St
80%
15Maryland
80%
17Kentucky
80%
Ranking Team % Correct
18Florida St
80%
20Dayton
80%
22Texas Tech
80%
21Penn St
80%
23Iowa
80%
25Arizona
80%
7Louisville
60%
8Auburn
60%
9Memphis
60%
16West Virginia
60%
19Virginia
60%
24Wichita St
60%

You're not logged in!

Compare scores with friends on all Sporcle quizzes.
OR
Log In

From the Vault

US States Minesweeper IV

by joeydeka

Welcome to the United States of A-mine-ica.
Remove Ads.
Support Sporcle.
Get the best of Sporcle when you Go Orange. This ad-free experience offers more features, more stats, and more fun while also helping to support Sporcle. Thank you for becoming a member.

Show Comments

Extras

Top Quizzes Today


Score Distribution

Your Account Isn't Verified!

In order to create a playlist on Sporcle, you need to verify the email address you used during registration. Go to your Sporcle Settings to finish the process.

Report this User

Report this user for behavior that violates our Community Guidelines.

Details: